| 000 | 01725nam a2200433 a 4500 | ||
|---|---|---|---|
| 001 | 21323 | ||
| 003 | VRT | ||
| 005 | 20260227102122.0 | ||
| 008 | 240314s1953 xo slo | ||
| 015 | _aSKSNBA19451955-000189 | ||
| 035 | _aSK01SNKBKSFS20010054773 | ||
| 035 | _aSKM000057236 | ||
| 039 | 9 |
_a202403141516 _bVLOAD _c201811091540 _dVLOAD _c201609091019 _dAUTHORITY _c201405121348 _dmkuuk03 |
|
| 040 |
_aSNK _bslo _cSNK _eAACR2 |
||
| 041 | 1 |
_aslo _hpor |
|
| 044 |
_axo _cSK |
||
| 072 | 7 |
_a821.134.3 _xPortugalská literatúra _2konspekt |
|
| 080 |
_a821.134.3(81)-31 _22001 |
||
| 100 | 1 |
_aAmado, Jorge, _d1912-2001 _4aut |
|
| 240 | 1 | 0 |
_aSão Jorge dos Ilhéus _lSlovensky |
| 245 | 1 | 0 |
_aZem zlatých plodov _cJ[orge] Amado ; [z portugalského originálu prel. Vlado Oleríny] |
| 250 | _a1. vyd. | ||
| 260 |
_aBratislava _bSpoločnosť priateľov klasických kníh _c1953 _eBratislava _fGraf. tlač. |
||
| 300 |
_a309 s. _c20 cm |
||
| 490 | 0 |
_aKnižnica Spoločnosti priateľov klasických kníh _v86 |
|
| 505 | 0 | _aNikolaj Gabinskij: Doslov, s. 307-309 | |
| 655 | 7 |
_abrazílske romány _2SNKPH |
|
| 655 | 7 |
_aBrazilian fiction _2SNKPHeng |
|
| 700 | 1 |
_aOleríny, Vladimír, _d1921-2016 _4trl |
|
| 700 | 1 |
_aGabinskij, Nikolaj _4aut _4aui |
|
| 830 | 0 | _aKnižnica Spoločnosti priateľov klasických kníh | |
| 910 | _akis3gmm | ||
| 910 | _asvkbb | ||
| 942 |
_2ddc _cKLDO _n0 |
||
| 949 |
_6270001000393514 _asvkbbS 57 _bsvkbbm 18186 |
||
| 949 |
_63830001091951 _akurukT9/AMAD1-2 _bkuruk2014/F3570 _oD2014/Mydlo, Marián/7. 5. 2014 |
||
| 949 |
_617A0532679 _asnkSD 3351/86 D1 _bsnkF 1947/63 _oduplikát začína od strany č. 13 _qrekatalogizácia |
||
| 999 |
_c21323 _d21323 |
||